000 00391nam a2200133Ia 4500
005 20260326235443.0
008 260326s9999||||xx |||||||||||||| ||und||
100 _aDávila, Julio D.
245 0 _aPlanificación y política en Bogotá :
_b La Vida de Jorge Gaitan Cortés /
_cJulio D. Dávila
260 _bAlcaldía Mayor de Bogotá
300 _a229 p.
650 _aURBANISMO
942 _cBK
999 _c7470
_d7470